000 00306 a2200133 4500
001 156136
040 _cEscola São Tomás de Aquino
100 _aORTHOF, Sylvia
240 1 0 _aA limpeza de Teresa
_lpor
245 1 0 _aA limpeza de Teresa
362 0 _a2008
697 _a*LITERATURA INFANTIL
942 _cBK
999 _c156136
_d156136